000 00388nam a2200145Ia 4500
008 230917s9999||||xx |||||||||||||| ||und||
040 _e51842
_aMAIN
041 _aEnglish
082 _aB N315R:S
100 _aRavinder Kumar, ed
245 0 _aSelected works of Motilal Nehru V1: 1899- 1918
260 _aNew Delhi
_bVikas Publishing House
_c1982
300 _aix, 406 p.
942 _cBK
999 _c229758
_d229758